000 00484nam a22001697a 4500
005 20240717010100.0
008 240717b |||||||| |||| 00| 0 eng d
020 _a8171765130
082 _222
_a200
_bCON
100 _aHrudayaraj Gade fr & Arulappa Eruva fr
245 _aCondensed Catechism of the Catholic Church
_bQuestions & Answers
260 _aMumbai
_b Pauline sisters Bombay Society
_c2003
300 _a169 p .,
650 _aCatechism
650 _aReligious
942 _cL
999 _c5912
_d5912